000
00335nam a22001457a 4500
008
221003b ||||| |||| 00| 0 eng d
020
_a
9781565336025
041
_a
eng
080
_2
edition 7.0
_a
612.39
082
_2
612.39
100
_a
16.2
101
_a
NUT
245
_a
Content mastery nutrition
_c
HOLMAN H
942
_2
udc
_c
BK
999
_c
58325
_d
58325